01662cam a2200373 a 4500001000800000005001700008008004100025010001700066020001500083040001800098050002700116082001600143100001700159245007600176250001200252260005000264300003400314440003800348440012600386504006400512505015300576650002800729650002200757650001900779650002300798700001800821856009600839856008800935856007401023906004501097942001201142999001401154952012001168205266920210414113947.0931020s1994 caua b 001 0 eng  a 93041299  a1555426174 aDLCcDLCdDLC00aHF5549.5.P37bS65 199400a658.2/32201 aSmith, Phyl.10aCreating workplaces where people can think. /cPhyl Smith, Lynn Kearny. a1st ed. aSan Francisco, Calif. :bJossey-Bass,cc1994. axxv, 208 p. :bill. ;c28 cm. 4aThe Jossey-Bass management series 0aFrom training to performance in the twenty-first century.nSet 1,pDesigning the work environment for optimum performance aIncludes bibliographical references (p. 201-203) and index. aContents: How workplace design affects performance -- Techniques for creating workspaces that support thinking -- Techniques in action -- Resources. 0aPerformance technology. 0aWork environment. 0aOffice layout. 0aCreative thinking.1 aKearny, Lynn.423Contributor biographical informationuhttp://www.loc.gov/catdir/bios/wiley042/93041299.html423Publisher descriptionuhttp://www.loc.gov/catdir/description/wiley035/93041299.html4 3Table of Contentsuhttp://www.loc.gov/catdir/toc/onix06/93041299.html a7bcbccorignewd1eocipf19gy-gencatlg 2lcccBK c993d8493 00102lcc4070aWIUC-1bWIUC-1cGENd2012-05-29l0oHF5549.5.P37 S65p2636/12r2012-05-29 00:00:00w2012-05-29yBK